| 000 | 00927cab a2200253 4500 | ||
|---|---|---|---|
| 001 | WB3323-18 | ||
| 008 | 090401t1997 xxu||||| |||| 00| 0 eng d | ||
| 035 | _a(Sirsi) u78912 | ||
| 041 | _aeng | ||
| 245 | _aHold-up on contaminated land | ||
| 260 | _c1997 | ||
| 350 | _a0 | ||
| 490 |
_aENDS Report _v(268) May 1997, 35(1) |
||
| 520 | _aIntroduction of the contaminated land regime under the Environment Act 1995 seems to be delayed until the new Government decides whether to introduce a `foreseeability` defence against liability, and `completion certificates` for remediated sites. | ||
| 650 | _aBUILT ENVIRONMENT-BUILDING CONTRACT FORMS-CERTIFICATES OF COMPLETION | ||
| 650 | _aCONTAMINATED LAND | ||
| 650 | _aENVIRONMENT ACT 1995 | ||
| 650 | _aFORESEEABILITY | ||
| 650 | _aPOLLUTION LIABILITY | ||
| 650 | _aREMEDIATION | ||
| 690 | _aENVIRONMENTAL AND LAND CONSULTANCY | ||
| 942 | _n0 | ||
| 948 | _c12/06/1997 | ||
| 999 |
_c49597 _d49597 |
||